[Event "Just a big, fast round robin"]
[Site "SchemingMind.com"]
[Date "2008.12.14"]
[Round "-"]
[White "staunton64"]
[Black "Mitchell-in"]
[Result "1-0"]
[WhiteCountry "FRA"]
[BlackCountry "ENG"]
[WhiteElo "1698"]
[WhiteRD "75"]
[BlackElo "1665"]
[BlackRD "58"]
[GameID "183340"]

1. c4 e6 2. Nc3 d5 3. cxd5 exd5 4. d4 Nf6 5. Nf3 c6 6. Bg5 Nbd7 7. e4 dxe4 8. Nxe4 Qa5+ 9. Ned2 h6 10. Be3 Bd6
11. Be2 O-O 12. O-O Re8 13. Nc4 Qc7 14. Nxd6 Qxd6 15. Rc1 Nb6 16. Ne5 Nbd5 17. Qb3 Rb8 18. f4 a6 19. Bd2 Ne4 20. Ba5 Bd7
21. f5 b6 22. Be1 c5 23. Nxd7
1-0

[Event "Just a big, fast round robin"]
[Site "SchemingMind.com"]
[Date "2008.12.14"]
[Round "-"]
[White "kisei"]
[Black "Orhany24"]
[Result "1-0"]
[WhiteCountry "HUN"]
[BlackCountry "TUR"]
[WhiteElo "1893"]
[WhiteRD "66"]
[BlackElo "1766"]
[BlackRD "74"]
[GameID "183360"]

1. e4 e5 2. Nf3 Nc6 3. Bb5 a6 4. Ba4 b5 5. Bb3 d6 6. O-O Be6 7. Bxe6 fxe6 8. d3 Nf6 9. a4 Be7 10. Ng5 Qd7
11. axb5 Nb8 12. Qf3 O-O 13. Qh3 Qc8 14. Qxe6+ Qxe6 15. Nxe6 Rc8 16. f4 exf4 17. Bxf4 Nbd7 18. bxa6 Ne5 19. Nc3 h6 20. a7 g5
21. Bxe5 dxe5 22. Rxf6 Bxf6 23. Nd5 Bd8 24. Nxd8 Rxd8 25. Nxc7 Rdc8 26. Nxa8 Rxa8 27. Kf2 Kf7 28. Ra6 h5 29. Ke3 Ke7 30. d4 exd4+
31. Kxd4
1-0

[Event "Just a big, fast round robin"]
[Site "SchemingMind.com"]
[Date "2008.12.14"]
[Round "-"]
[White "kisei"]
[Black "lacus66"]
[Result "1-0"]
[WhiteCountry "HUN"]
[BlackCountry "HUN"]
[WhiteElo "2008"]
[WhiteRD "73"]
[BlackElo "1688"]
[BlackRD "70"]
[GameID "183361"]

1. e4 e6 2. d4 d5 3. Nc3 Bb4 4. e5 c5 5. a3 Bxc3+ 6. bxc3 Ne7 7. Qg4 Qc7 8. Qxg7 Rg8 9. Qxh7 cxd4 10. Ne2 dxc3
11. f4 Nbc6 12. Qd3 Nf5 13. g3 a6 14. Bh3 d4 15. Bxf5 exf5 16. Nxd4 Nxd4 17. Qxd4 Be6 18. Be3 Rd8 19. Qb4 b5 20. O-O Qc6
21. a4 Rb8 22. axb5 Rxb5 23. Qd4 Rd5 24. Qa4 Qxa4 25. Rxa4 a5 26. Rfa1 Ke7 27. Rxa5 Rxa5 28. Rxa5 Rc8 29. Kf2 Kd8 30. Bd4 Rc4
31. Ke3 Kd7 32. h4 Kc7 33. h5
1-0

[Event "Just a big, fast round robin"]
[Site "SchemingMind.com"]
[Date "2008.12.14"]
[Round "-"]
[White "kisei"]
[Black "Mitchell-in"]
[Result "1-0"]
[WhiteCountry "HUN"]
[BlackCountry "ENG"]
[WhiteElo "2008"]
[WhiteRD "73"]
[BlackElo "1665"]
[BlackRD "58"]
[GameID "183362"]

1. e4 e5 2. Nf3 Nc6 3. Bc4 Bc5 4. b4 Bxb4 5. c3 Ba5 6. d4 exd4 7. O-O Nge7 8. cxd4 d5 9. exd5 Nxd5 10. Qb3 Be6
11. Qxb7 Ncb4 12. Qb5+ Qd7 13. Qxa5 O-O 14. Ne5 Qd6 15. Ba3 Rab8 16. Bxd5
1-0

[Event "Just a big, fast round robin"]
[Site "SchemingMind.com"]
[Date "2008.12.15"]
[Round "-"]
[White "kisei"]
[Black "Negrito19"]
[Result "0-1"]
[WhiteCountry "HUN"]
[BlackCountry "ARG"]
[WhiteElo "1893"]
[WhiteRD "66"]
[BlackElo "1640"]
[BlackRD "63"]
[GameID "183363"]

1. e4 e5 2. Nf3 Nc6 3. Bc4 h6 4. d4 d6 5. dxe5 dxe5 6. Qxd8+ Nxd8 7. Nxe5 Nf6 8. Nc3 Bb4 9. f3 Bxc3+ 10. bxc3 O-O
11. Kf2 Re8 12. Rd1 Ne6 13. a4 a5 14. Bb5 Re7 15. Ba3 c5 16. Nc4 Bd7 17. e5 Bxb5 18. exf6 gxf6 19. axb5 Kg7 20. Nb6 Rb8
21. Bc1 a4 22. Rxa4 Rbe8 23. Nd5 Rd7 24. Rg4+ Ng5 25. c4 f5 26. Rg3 Kh8 27. Bb2+ Kg8 28. Nf6+ Kf8 29. Nxd7+ Ke7 30. Nxc5 b6
31. Nd7 Rd8 32. Bf6+ Ke8 33. Bxd8 Kxd8 34. Rxg5 hxg5
0-1

[Event "Just a big, fast round robin"]
[Site "SchemingMind.com"]
[Date "2008.12.15"]
[Round "-"]
[White "kisei"]
[Black "chessleon"]
[Result "1-0"]
[WhiteCountry "HUN"]
[BlackCountry "NED"]
[WhiteElo "2008"]
[WhiteRD "73"]
[BlackElo "1654"]
[BlackRD "73"]
[GameID "183364"]

1. e4 c5 2. Nf3 e6 3. d4 cxd4 4. Nxd4 a6 5. Bd3 Qc7 6. Be3 Nf6 7. O-O Nc6 8. Nc3 Be7 9. Qe2 b5 10. Nxc6 dxc6
11. a4 b4 12. Nb1 Bb7 13. Nd2 c5 14. Rad1 h5 15. f3 Bd6 16. g3 h4 17. Nc4 hxg3 18. Nxd6+ Qxd6 19. Bb5+ axb5 20. Rxd6 gxh2+
21. Kh1 Nxe4 22. Qxb5+ Ke7 23. Rd7+ Kf6 24. fxe4+ Kg6 25. Rxb7 Rh3 26. Rfxf7 Rxe3 27. Rxg7+ Kf6 28. Rbf7+ Ke5 29. Qxc5+ Kxe4 30. Rg4#
1-0

[Event "Just a big, fast round robin"]
[Site "SchemingMind.com"]
[Date "2008.12.14"]
[Round "-"]
[White "kisei"]
[Black "drunkenmaster"]
[Result "1-0"]
[WhiteCountry "HUN"]
[BlackCountry "PHI"]
[WhiteElo "1893"]
[WhiteRD "66"]
[BlackElo "1991"]
[BlackRD "72"]
[GameID "183365"]

1. e4 e6 2. d4 d5 3. Nc3 Nf6 4. Bg5 Bb4 5. e5 h6 6. Bd2 Bxc3 7. bxc3 Ne4 8. Qg4 Kf8 9. Bd3 Nxd2 10. Kxd2 c5
11. Nf3 c4 12. Be2 Nc6 13. Rhb1 Rb8 14. a4 a6 15. a5 Nxa5 16. Ke1 b5 17. Kf1 Nc6 18. h4 a5 19. Kg1 b4 20. cxb4 axb4
21. Nd2 Qb6 22. Nf3 Bd7 23. Qf4 Ke7 24. Qg4 Rhg8 25. h5 Kd8 26. Qf4 Ke8 27. Ra2 Qb7 28. Rba1 b3 29. cxb3 cxb3 30. Rb2 Qb4
31. Rc1 Qa3 32. Rcb1 Na5 33. Nd2 Ba4 34. Qe3 Kd7 35. Qf3 Qe7 36. Ra1
1-0

[Event "Just a big, fast round robin"]
[Site "SchemingMind.com"]
[Date "2008.12.14"]
[Round "-"]
[White "kisei"]
[Black "acbrasileiro"]
[Result "0-1"]
[WhiteCountry "HUN"]
[BlackCountry "BRA"]
[WhiteElo "1893"]
[WhiteRD "66"]
[BlackElo "1922"]
[BlackRD "77"]
[GameID "183366"]

1. e4 c5 2. Nf3 d6 3. d4 cxd4 4. Nxd4 Nf6 5. Nc3 a6 6. Be3 e6 7. Qd2 d5 8. exd5 Nxd5 9. O-O-O Bb4 10. Nde2 Bd7
11. a3 Nxe3 12. Qxe3 Be7 13. Ng3 Qc7 14. Bd3 h6 15. Rhe1 Bg5
0-1

[Event "Just a big, fast round robin"]
[Site "SchemingMind.com"]
[Date "2008.12.14"]
[Round "-"]
[White "kisei"]
[Black "staunton64"]
[Result "1-0"]
[WhiteCountry "HUN"]
[BlackCountry "FRA"]
[WhiteElo "2008"]
[WhiteRD "73"]
[BlackElo "1698"]
[BlackRD "75"]
[GameID "183367"]

1. e4 c5 2. Nf3 Nc6 3. d4 cxd4 4. Nxd4 Nf6 5. Nc3 e6 6. Ndb5 a6 7. Nd6+ Bxd6 8. Qxd6 Qe7 9. Bf4 O-O 10. Qxe7 Nxe7
11. Bd6 Re8 12. f3 Nc6 13. Kf2 Nd4 14. Na4 Nxc2 15. Rc1 Nd4 16. Nb6 Nb5 17. Bxb5 axb5 18. Nxa8 b6 19. Nc7
1-0

[Event "Just a big, fast round robin"]
[Site "SchemingMind.com"]
[Date "2008.12.15"]
[Round "-"]
[White "Orhany24"]
[Black "kisei"]
[Result "1-0"]
[WhiteCountry "TUR"]
[BlackCountry "HUN"]
[WhiteElo "1766"]
[WhiteRD "74"]
[BlackElo "1893"]
[BlackRD "66"]
[GameID "183368"]

1. d4 Nf6 2. c4 g6 3. Nc3 d5 4. e3 Bg7 5. Nf3 O-O 6. Bd3 dxc4 7. Bxc4 Nc6 8. O-O a6 9. a3 Bf5 10. b4 e6
11. Bb2 Ne7 12. h3 Ned5 13. Nxd5 exd5 14. Bd3 Bxd3 15. Qxd3 Ne4 16. Rac1 c6 17. Nd2 Nxd2 18. Qxd2 Re8 19. g3 a5 20. Kg2 axb4
21. axb4 Bf8 22. Bc3 Qe7 23. Ra1 Qe4+ 24. Kh2 Bd6 25. f4 Rxa1 26. Rxa1 Qxe3 27. Re1 Qxd2+ 28. Bxd2 Rxe1 29. Bxe1 f5 30. Kg2 Kf7
31. Kf3 Ke7 32. Ke3 Kd7 33. Kd3
1-0

[Event "Just a big, fast round robin"]
[Site "SchemingMind.com"]
[Date "2008.12.15"]
[Round "-"]
[White "lacus66"]
[Black "kisei"]
[Result "0-1"]
[WhiteCountry "HUN"]
[BlackCountry "HUN"]
[WhiteElo "1688"]
[WhiteRD "70"]
[BlackElo "2008"]
[BlackRD "73"]
[GameID "183369"]

1. d4 Nf6 2. c4 g6 3. Nc3 d5 4. cxd5 Nxd5 5. e4 Nxc3 6. bxc3 Bg7 7. Nf3 c5 8. Be3 Qa5 9. Qd2 Nc6 10. e5 Bf5
11. Bd3 cxd4 12. Nxd4 Bxd3 13. Qxd3 Bxe5 14. O-O O-O 15. Nxc6 bxc6 16. Bd2 Rfd8 17. Qe3 Rab8 18. c4 Rxd2 19. Rfd1 Bxa1 20. Rxd2 Rb1+
0-1

[Event "Just a big, fast round robin"]
[Site "SchemingMind.com"]
[Date "2008.12.15"]
[Round "-"]
[White "Mitchell-in"]
[Black "kisei"]
[Result "0-1"]
[WhiteCountry "ENG"]
[BlackCountry "HUN"]
[WhiteElo "1665"]
[WhiteRD "58"]
[BlackElo "2008"]
[BlackRD "73"]
[GameID "183370"]

1. e4 e5 2. Nf3 Nc6 3. Bb5 a6 4. Ba4 Nf6 5. O-O Nxe4 6. d4 b5 7. Bb3 d5 8. Nxe5 Nxe5 9. dxe5 Be6 10. c3 Bc5
11. Nd2 O-O 12. Nxe4 dxe4 13. Bxe6 fxe6 14. Qe2 Qd3 15. Qg4 Rxf2 16. Rxf2 Qc2
0-1

[Event "Just a big, fast round robin"]
[Site "SchemingMind.com"]
[Date "2008.12.16"]
[Round "-"]
[White "Negrito19"]
[Black "kisei"]
[Result "1-0"]
[WhiteCountry "ARG"]
[BlackCountry "HUN"]
[WhiteElo "1630"]
[WhiteRD "61"]
[BlackElo "1854"]
[BlackRD "71"]
[GameID "183371"]

1. e4 e5 2. Nf3 Nc6 3. Bb5 a6 4. Bxc6 dxc6 5. d3 Bd6 6. Nc3 Nf6 7. Bg5 O-O 8. h4 Be6 9. Nh2 h6 10. Bxf6 Qxf6
11. Qf3 Qxh4 12. g3 Qg5 13. g4 Bc5 14. Na4 Ba7 15. Qg3 Rae8 16. Nf3 Qxg4 17. Nxe5 Qxg3 18. fxg3 f5 19. Ng6 Rf6 20. Nf4 fxe4
21. dxe4 Bf5 22. O-O-O Bxe4 23. Rhe1 Rff8 24. Rd7 Bf2 25. Re2 Bxg3 26. Nh5 Bh4 27. Rxg7+ Kh8 28. b3 Bf3 29. Rxe8 Rxe8 30. Rxc7 Bxh5
31. Rxb7 Bg5+ 32. Kb2 Re2 33. Nc3 Bf6 34. Rb6 Bf3 35. Rb4 Re3 36. Rc4
1-0

[Event "Just a big, fast round robin"]
[Site "SchemingMind.com"]
[Date "2008.12.15"]
[Round "-"]
[White "chessleon"]
[Black "kisei"]
[Result "0-1"]
[WhiteCountry "NED"]
[BlackCountry "HUN"]
[WhiteElo "1654"]
[WhiteRD "73"]
[BlackElo "2008"]
[BlackRD "73"]
[GameID "183372"]

1. c4 Nf6 2. Nf3 g6 3. d4 Bg7 4. Nc3 O-O 5. e4 d6 6. Be2 e5 7. h3 Nc6 8. d5 Ne7 9. Be3 b6 10. Rc1 Bb7
11. O-O Qd7 12. b4 a5 13. b5 Rab8 14. a4 Rbe8 15. Qd2 Nh5 16. Bh6 Bxh6 17. Qxh6 f6 18. Nh4 Nf4 19. Bg4 f5 20. exf5 Nxf5
21. Nxf5 gxf5 22. Bh5 Re7 23. Bf3 Rg7 24. Qe6+ Nxe6 25. dxe6 Qc8 26. Nd5 Qxe6 27. Nxc7 Rxc7 28. Bd1 Qh6 29. Bb3 Bxg2 30. c5+ d5
31. Kxg2 Rg7+ 32. Kh2 Qf4+ 33. Kh1 Qf3+ 34. Kh2 Qg2#
0-1

[Event "Just a big, fast round robin"]
[Site "SchemingMind.com"]
[Date "2008.12.15"]
[Round "-"]
[White "drunkenmaster"]
[Black "kisei"]
[Result "1-0"]
[WhiteCountry "PHI"]
[BlackCountry "HUN"]
[WhiteElo "1991"]
[WhiteRD "72"]
[BlackElo "1893"]
[BlackRD "66"]
[GameID "183373"]

1. d4 Nf6 2. c4 g6 3. Nc3 d5 4. Nf3 Bg7 5. Bg5 Ne4 6. cxd5 Nxg5 7. Nxg5 e6 8. Nf3 exd5 9. e3 O-O 10. b4 c6
11. Be2 Be6 12. O-O Nd7 13. a4 a5 14. bxa5 Qxa5 15. Rc1 Nb6 16. Qb3 Rfb8 17. Ra1 Nc4 18. h3 b5 19. axb5 Qxa1 20. Rxa1 Rxa1+
21. Kh2 cxb5 22. e4 dxe4 23. Nxe4 Nd2 24. Qc3 Nxf3+ 25. Bxf3 Ra4 26. Qc7 Rc8 27. Qb7 Rxd4 28. Qxb5 h6 29. Nc5 Bc4 30. Qb6 h5
31. Nb7 Be5+ 32. g3 h4 33. Qa5 hxg3+ 34. fxg3 Bc7 35. Qc3 Be5 36. Qe3
1-0

[Event "Just a big, fast round robin"]
[Site "SchemingMind.com"]
[Date "2008.12.15"]
[Round "-"]
[White "acbrasileiro"]
[Black "kisei"]
[Result "1-0"]
[WhiteCountry "BRA"]
[BlackCountry "HUN"]
[WhiteElo "1922"]
[WhiteRD "77"]
[BlackElo "1893"]
[BlackRD "66"]
[GameID "183374"]

1. d4 Nf6 2. e3 d5 3. c4 e6 4. Nf3 Nc6 5. a3 Bd6 6. c5 Be7 7. b4 O-O 8. Bd3 Ne4 9. Bb2 f5 10. Ne5 Nxe5
11. dxe5 a5 12. Nd2 Nxd2 13. Qxd2 Bd7 14. O-O b6 15. cxb6 cxb6 16. bxa5 Rxa5 17. Rfb1 Ra4 18. Bd4 Bc5 19. Bb5 Bxb5 20. Rxb5 Qe7
21. Rb3
1-0

[Event "Just a big, fast round robin"]
[Site "SchemingMind.com"]
[Date "2008.12.15"]
[Round "-"]
[White "staunton64"]
[Black "kisei"]
[Result "0-1"]
[WhiteCountry "FRA"]
[BlackCountry "HUN"]
[WhiteElo "1698"]
[WhiteRD "75"]
[BlackElo "2008"]
[BlackRD "73"]
[GameID "183375"]

1. c4 Nf6 2. Nc3 g6 3. g3 Bg7 4. Bg2 O-O 5. Nf3 d6 6. O-O e5 7. d4 Nbd7 8. Bg5 h6 9. Bd2 exd4 10. Nxd4 c6
11. Qc2 Qb6 12. Be3 Ng4 13. Qd2 Nxe3 14. fxe3 Nc5 15. Rf2 Qb4 16. b3 a5 17. Rc1 a4 18. Qc2 Re8 19. Nxc6 Qxc3 20. Qxc3 Bxc3
21. Rxc3 axb3 22. axb3 Ra1+ 23. Rf1 Rxf1+ 24. Kxf1 bxc6 25. Bxc6 Re7 26. b4 Rc7 27. Rd3 Nxd3 28. exd3 Rxc6
0-1

[Event "Just a big, fast round robin"]
[Site "SchemingMind.com"]
[Date "2008.12.14"]
[Round "-"]
[White "Mikael Hakim"]
[Black "Orhany24"]
[Result "1-0"]
[WhiteCountry "INT"]
[BlackCountry "TUR"]
[WhiteElo "1937"]
[WhiteRD "84"]
[BlackElo "1756"]
[BlackRD "73"]
[GameID "183419"]

1. e4 e5 2. Nf3 Nc6 3. Bb5 a6 4. Bxc6 dxc6 5. O-O Bd6 6. d4 exd4 7. Qxd4 f6 8. Nc3 Be6 9. Be3 Ne7 10. h3 O-O
11. Rad1 Qe8 12. Ne2 Qg6 13. Nh4 Qh5 14. Nf3 Ng6 15. Ng3 Bxg3 16. fxg3 Bxh3 17. gxh3 Qxh3 18. Bf2 Rfe8 19. Qd7 Rxe4 20. Qxh3
1-0

[Event "Just a big, fast round robin"]
[Site "SchemingMind.com"]
[Date "2008.12.14"]
[Round "-"]
[White "Mikael Hakim"]
[Black "lacus66"]
[Result "0-1"]
[WhiteCountry "INT"]
[BlackCountry "HUN"]
[WhiteElo "1807"]
[WhiteRD "117"]
[BlackElo "1695"]
[BlackRD "77"]
[GameID "183420"]

1. e4 e6 2. d4 d5 3. Nc3 Bb4 4. e5 c5 5. a3 Bxc3+ 6. bxc3 Ne7 7. a4 c4 8. Nf3 O-O 9. Be2 Nbc6 10. O-O a5
11. Ba3 Re8 12. Rb1 Rb8 13. Bd6 Ra8 14. Re1 Nf5 15. Bc5 Ra6 16. Nd2 b6 17. Ba3 Bd7 18. g4 Nh4 19. Nf3 Na7 20. Bc1 Bxa4
21. Nxh4 Qxh4 22. Bf1 Bc6 23. Re3 Nb5 24. Rh3 Qe7 25. g5 g6 26. Qg4 Qf8 27. Rh6 Qg7 28. Qf3 a4 29. Rxb5 Bxb5 30. Ba3 Ra5
31. Bb4 a3 32. Bxa5 bxa5 33. Qd1 Ba4 34. Rh3 Rb8
0-1

[Event "Just a big, fast round robin"]
[Site "SchemingMind.com"]
[Date "2008.12.14"]
[Round "-"]
[White "Mikael Hakim"]
[Black "Mitchell-in"]
[Result "1-0"]
[WhiteCountry "INT"]
[BlackCountry "ENG"]
[WhiteElo "1937"]
[WhiteRD "84"]
[BlackElo "1665"]
[BlackRD "58"]
[GameID "183421"]

1. e4 e5 2. Nc3 Nf6 3. f4 d5 4. fxe5 Nxe4 5. Nf3 Bc5 6. d4 Bb4 7. Bd2 Nc6 8. Bb5 Nxd2 9. Bxc6+ bxc6 10. Qxd2 O-O
11. O-O-O a5 12. a3 Be7 13. h4 Bg4 14. Qf4 Bh5 15. g4 Bg6 16. h5 Be4 17. Nxe4 dxe4 18. Qxe4 Qd5 19. Qd3 f6 20. c4 Qe6
21. Rhg1 fxe5 22. Nxe5 Bg5+ 23. Kb1 Rad8 24. Rge1 Qd6 25. Qe4 Rf4 26. Qxc6
1-0

[Event "Just a big, fast round robin"]
[Site "SchemingMind.com"]
[Date "2008.12.15"]
[Round "-"]
[White "Mikael Hakim"]
[Black "Negrito19"]
[Result "1-0"]
[WhiteCountry "INT"]
[BlackCountry "ARG"]
[WhiteElo "1807"]
[WhiteRD "117"]
[BlackElo "1619"]
[BlackRD "68"]
[GameID "183422"]

1. e4 e5 2. Nc3 Nf6 3. f4 Bb4 4. fxe5 Ng8 5. Qg4 g6 6. d4 d6 7. Qf4 dxe5 8. Qxe5+ Qe7 9. Qxh8 Qxe4+ 10. Ne2 Bxc3+
11. bxc3 Bg4 12. Qxg8+ Ke7 13. Ba3+ Kf6 14. Qd8+ Kf5 15. O-O-O Qe3+ 16. Kb1 Bxe2 17. Bxe2 Qxe2 18. Rhf1+ Kg4 19. g3 Qb5+ 20. Bb4 g5
21. Qg8 h6 22. Qxf7 Nd7 23. Qe6+ Kh5 24. h3 Rf8 25. Rxf8 Nxf8 26. Qf7+ Ng6 27. Qf3+ g4 28. Qxg4#
1-0

[Event "Just a big, fast round robin"]
[Site "SchemingMind.com"]
[Date "2008.12.15"]
[Round "-"]
[White "Mikael Hakim"]
[Black "kisei"]
[Result "1/2-1/2"]
[WhiteCountry "INT"]
[BlackCountry "HUN"]
[WhiteElo "1937"]
[WhiteRD "84"]
[BlackElo "2008"]
[BlackRD "73"]
[GameID "183423"]

1. e4 e5 2. Nc3 Nf6 3. f4 d5 4. fxe5 Nxe4 5. Nf3 Bc5 6. d4 Bb4 7. Bd2 Bg4 8. Nxe4 dxe4 9. Bxb4 exf3 10. Qd3 Nc6
11. Bc5 Qd5 12. Rg1 O-O-O 13. Kf2 h5 14. h3 b6 15. Ba3 fxg2 16. Rxg2 Qxd4+ 17. Qxd4 Nxd4 18. hxg4 Nxc2 19. Rc1 Rd2+ 20. Be2 Nd4
21. Re1 hxg4 22. Ke3 Rxe2+ 23. Rexe2 Nxe2 24. Kxe2 Re8 25. Rxg4 Rxe5+ 26. Kf3 g6 27. Rh4 Kd7 28. Rd4+=
1/2-1/2

[Event "Just a big, fast round robin"]
[Site "SchemingMind.com"]
[Date "2008.12.15"]
[Round "-"]
[White "Mikael Hakim"]
[Black "chessleon"]
[Result "1-0"]
[WhiteCountry "INT"]
[BlackCountry "NED"]
[WhiteElo "1937"]
[WhiteRD "84"]
[BlackElo "1654"]
[BlackRD "73"]
[GameID "183424"]

1. e4 d6 2. d4 Nf6 3. Nc3 g6 4. Be3 Bg7 5. f3 O-O 6. Qd2 e5 7. O-O-O Nc6 8. d5 Ne7 9. h4 Nh5 10. g4 Ng3
11. Rh2 Nxf1 12. Rxf1 c6 13. h5 cxd5 14. exd5 Bd7 15. hxg6 fxg6 16. Bh6 Bxg4 17. Bxg7 Kxg7 18. Qh6+ Kf7 19. fxg4+ Ke8 20. Rxf8+ Kd7
21. Rxd8+ Kxd8 22. Qf8+
1-0

[Event "Just a big, fast round robin"]
[Site "SchemingMind.com"]
[Date "2008.12.14"]
[Round "-"]
[White "Mikael Hakim"]
[Black "drunkenmaster"]
[Result "1-0"]
[WhiteCountry "INT"]
[BlackCountry "PHI"]
[WhiteElo "1937"]
[WhiteRD "84"]
[BlackElo "1958"]
[BlackRD "72"]
[GameID "183425"]

1. e4 e6 2. d4 d5 3. Nc3 Nf6 4. Bg5 Bb4 5. e5 h6 6. Bd2 Bxc3 7. Bxc3 Ne4 8. Qg4 g6 9. Bb4 c5 10. dxc5 Nc6
11. Bb5 Qg5 12. Qxg5 Nxg5 13. h4 Nh7 14. Nf3 Bd7 15. Bxc6 Bxc6 16. Nd4 Nf8 17. f4 h5 18. O-O-O Nd7 19. c4 dxc4 20. Nxc6 bxc6
21. Rd6 Rc8 22. Rhd1 Nb8 23. Kc2 Ke7 24. Ba5 Rhe8 25. Kc3 Kf8 26. Kxc4 Ke7 27. R1d3 Kf8 28. b4 a6 29. a4 Ke7 30. b5 axb5+
31. axb5
1-0

[Event "Just a big, fast round robin"]
[Site "SchemingMind.com"]
[Date "2008.12.14"]
[Round "-"]
[White "Mikael Hakim"]
[Black "acbrasileiro"]
[Result "1-0"]
[WhiteCountry "INT"]
[BlackCountry "BRA"]
[WhiteElo "2003"]
[WhiteRD "78"]
[BlackElo "1922"]
[BlackRD "77"]
[GameID "183426"]

1. e4 c5 2. Nf3 e6 3. d4 cxd4 4. Nxd4 Bc5 5. Nc3 a6 6. Nb3 Be7 7. Qg4 Bf6 8. f4 Bxc3+ 9. bxc3 Qf6 10. Nd4 Qg6
11. Qf3 Nf6 12. Bd3 Qg4 13. e5 Qxf3 14. Nxf3 Nd5 15. c4 Nb6 16. Be3 Na4 17. Ng5 h6 18. Ne4 Nc6 19. Nd6+ Ke7 20. c3 Nxc3
21. Bc5 Na4 22. Ba3 Kf8 23. Nxc8+ Kg8 24. Ne7+ Nxe7 25. Bxe7 Nb6 26. Bc5 Na4 27. Bd6 g6 28. Kd2 Rc8 29. Rab1 b6 30. Rb4 Nc5
31. Bxc5 bxc5 32. Rb7 Kg7 33. Rxd7 Rhd8 34. Rxd8 Rxd8 35. Rb1 Rd7 36. Ke3 h5 37. Rb6
1-0

[Event "Just a big, fast round robin"]
[Site "SchemingMind.com"]
[Date "2008.12.14"]
[Round "-"]
[White "Mikael Hakim"]
[Black "staunton64"]
[Result "1-0"]
[WhiteCountry "INT"]
[BlackCountry "FRA"]
[WhiteElo "1807"]
[WhiteRD "117"]
[BlackElo "1702"]
[BlackRD "87"]
[GameID "183427"]

1. e4 c5 2. Nf3 Nc6 3. Bb5 e6 4. O-O a6 5. Bxc6 bxc6 6. Nc3 Nf6 7. d3 Be7 8. Bf4 d6 9. d4 O-O 10. Re1 Qb6
11. Na4 Qb5 12. c4 Qa5 13. e5 dxe5 14. Nxe5 Qc7 15. Ng6 Qd7 16. Nxf8 Kxf8 17. Nb6 Qb7 18. Nxa8 Qxa8 19. dxc5 Bxc5 20. Bd6+
1-0

[Event "Just a big, fast round robin"]
[Site "SchemingMind.com"]
[Date "2008.12.14"]
[Round "-"]
[White "Orhany24"]
[Black "Mikael Hakim"]
[Result "0-1"]
[WhiteCountry "TUR"]
[BlackCountry "INT"]
[WhiteElo "1756"]
[WhiteRD "73"]
[BlackElo "1937"]
[BlackRD "84"]
[GameID "183428"]

1. d4 Nf6 2. c4 g6 3. Nc3 Bg7 4. e4 O-O 5. Bd3 d6 6. Nge2 e5 7. d5 Nbd7 8. f3 Nc5 9. Bc2 a5 10. a4 Nh5
11. O-O f5 12. b3 f4 13. Bd2 g5 14. Be1 g4 15. Rf2 g3 16. Rf1 Qh4 17. h3 Bxh3
0-1

[Event "Just a big, fast round robin"]
[Site "SchemingMind.com"]
[Date "2008.12.14"]
[Round "-"]
[White "lacus66"]
[Black "Mikael Hakim"]
[Result "0-1"]
[WhiteCountry "HUN"]
[BlackCountry "INT"]
[WhiteElo "1695"]
[WhiteRD "77"]
[BlackElo "1807"]
[BlackRD "117"]
[GameID "183429"]

1. d4 Nf6 2. c4 g6 3. Nc3 Bg7 4. e4 O-O 5. Nf3 d6 6. Bd3 c5 7. d5 Bg4 8. h3 Bxf3 9. Qxf3 Nbd7 10. O-O Ne5
11. Qe2 Nfd7 12. f4 Nxd3 13. Qxd3 Qa5 14. Bd2 Bd4+ 15. Be3 Bxc3 16. Qxc3 Qxc3 17. bxc3 Nb6 18. e5 Nxc4 19. Rfe1 b5 20. Bf2 Nb6
21. Rad1 Rfd8 22. e6 fxe6 23. Rxe6 Kf7 24. Re3 Nc4 25. Re6 Re8 26. Bh4 Nb6 27. g4 Nxd5 28. Rxd5 Kxe6 29. Rd2 Kd7 30. a3 a5
31. Kf2 b4 32. cxb4 axb4 33. axb4 cxb4 34. Rb2 Ra4 35. Kf3 Ra3+ 36. Ke4 Rxh3
0-1

[Event "Just a big, fast round robin"]
[Site "SchemingMind.com"]
[Date "2008.12.15"]
[Round "-"]
[White "Mitchell-in"]
[Black "Mikael Hakim"]
[Result "0-1"]
[WhiteCountry "ENG"]
[BlackCountry "INT"]
[WhiteElo "1665"]
[WhiteRD "58"]
[BlackElo "1937"]
[BlackRD "84"]
[GameID "183430"]

1. e4 c5 2. Nf3 Nc6 3. Bb5 d6 4. c3 Nf6 5. Bxc6+ bxc6 6. Qe2 e5 7. h3 Be7 8. d4 cxd4 9. cxd4 exd4 10. Nxd4 Qb6
11. Nb3 O-O 12. Nc3 Ba6 13. Qe3 Qc7 14. Bd2 Rfe8 15. f3 d5 16. exd5 Bc5 17. Nxc5 Rxe3+ 18. Bxe3 Qg3+ 19. Bf2 Qxg2 20. O-O-O Qxf2
21. Nxa6 Qe3+ 22. Kb1 Qb6 23. d6 Qxa6 24. d7 Rd8 25. Rhe1 g6 26. Re7 Kf8 27. Rde1 Qd3+ 28. Kc1 Rxd7 29. Rxd7 Qxd7
0-1

[Event "Just a big, fast round robin"]
[Site "SchemingMind.com"]
[Date "2008.12.15"]
[Round "-"]
[White "Negrito19"]
[Black "Mikael Hakim"]
[Result "1-0"]
[WhiteCountry "ARG"]
[BlackCountry "INT"]
[WhiteElo "1619"]
[WhiteRD "68"]
[BlackElo "1807"]
[BlackRD "117"]
[GameID "183431"]

1. e4 c5 2. Nf3 Nc6 3. Bb5 d6 4. Bxc6+ bxc6 5. c4 g6 6. d3 Bg7 7. Nbd2 Rb8 8. Nb3 a5 9. a4 Qb6 10. Ra3 Bg4
11. h3 Bxf3 12. Qxf3 Nf6 13. O-O Nd7 14. Qf4 Ne5 15. Qd2 Qb4 16. Nxa5 Qxd2 17. Bxd2 O-O 18. Rb1 Rb6 19. b4 cxb4 20. Rxb4 Rxb4
21. Bxb4 c5 22. Bd2 Ra8 23. f4 Bh6 24. fxe5 Bxd2 25. exd6 Bxa5 26. dxe7 f6 27. Rb3 Bb4 28. d4 Rxa4 29. e8=Q+
1-0

[Event "Just a big, fast round robin"]
[Site "SchemingMind.com"]
[Date "2008.12.15"]
[Round "-"]
[White "kisei"]
[Black "Mikael Hakim"]
[Result "1-0"]
[WhiteCountry "HUN"]
[BlackCountry "INT"]
[WhiteElo "1893"]
[WhiteRD "66"]
[BlackElo "2003"]
[BlackRD "78"]
[GameID "183432"]

1. e4 c5 2. Nf3 d6 3. d4 cxd4 4. Nxd4 Nf6 5. Nc3 a6 6. Be3 e5 7. Nb3 Be6 8. Qd2 Nc6 9. f3 Be7 10. O-O-O Na5
11. Nxa5 Qxa5 12. a3 O-O 13. g4 Rac8 14. g5 Nd7 15. h4 Rc6 16. Kb1 Rfc8 17. Nd5 Qd8 18. c3 Bxd5 19. Qxd5 Nb6 20. Bxb6 Qxb6
21. Ka2 Rc5 22. Qb3 Qc6 23. Rh2 b5 24. Rhd2 a5 25. Rd5 b4 26. axb4 axb4 27. Qxb4 Ra8+ 28. Kb1 Qc7 29. Rxc5 dxc5 30. Qb3 g6
31. Bc4 Rf8 32. Qb5 Bd6 33. Bd5 Kg7 34. Qa6 Rd8 35. Kc2 Kf8 36. Ra1 Kg7 37. Qa7 Rd7 38. Qa4 Re7 39. Qc4 Rd7 40. Ra8 Rd8
41. Rxd8 Qxd8 42. Bxf7 Qf8 43. Qd5
1-0